| 000 | 00559nam a2200169 i 4500 | ||
|---|---|---|---|
| 001 | 87950 | ||
| 003 | ES-MaACL | ||
| 005 | 20230906175755.0 | ||
| 007 | t| | ||
| 008 | 041228s1968 sp ||||1| spa d | ||
| 100 | 1 |
_aLachapelle, Paul. _969358 |
|
| 245 | 1 | 3 |
_aEl niño _b: ensayo de sicología infantil / _cPaul Lachapelle ; presenación de M. Guy Boulizon ; [traducción de Urbiola-Ezquerra]. |
| 260 |
_a[Bilbao] : _bEdiciones Paulinas, _c[1968] |
||
| 300 |
_a190 p. ; _c18 cm. |
||
| 700 | 1 |
_aBoulizon, M. Guy. _930919 |
|
| 852 |
_aES-MaACL _jC-52262 _bR.68468 |
||
| 999 |
_c87950 _d87950 |
||